01289nam a2200289 a 4500999001500000001000500015003000900020005001700029008004100046010001700087040004000104082001900144100002500163245005500188260004100243300002000284505001100304650001700315650003900332651001100371942001200382952012100394952012100515952012100636952012100757952012100878 c7662d76628897BD-DhUAP20210128101905.0210127s pk b 001 0 eng d a 64057146  aDLCcOClUdOCoLCdUkdBD-DhUAPbEng00a340.59 BAI2231 aBaillie, Neil. B. E.10aA digest of Moohummadan law /cNeil B. E. Baillie. aLahore :bPremier Book House,c...?. aparts ;c22 cm. aP. 1-- 0aIslamic law. 0aFreedom of religion (Islamic law). aIndia.002ddccBK 00102ddc4070aUAPCLbUAPCLcReserve Stacksd2021-01-27o340.59 BAI P-1p3010008896r2021-01-27t1w2021-01-27yBK 00102ddc4070aUAPCLbUAPCLcReserve Stacksd2021-01-28o340.59 BAI P-1p3010008784r2021-01-28t2w2021-01-28yBK 00102ddc4070aUAPCLbUAPCLcReserve Stacksd2021-02-01o340.59 BAI P-1p3010008785r2021-02-01t3w2021-02-01yBK 00102ddc4070aUAPCLbUAPCLcReserve Stacksd2021-02-01o340.59 BAI P-1p3010009016r2021-02-01t4w2021-02-01yBK 00102ddc4070aUAPCLbUAPCLcReserve Stacksd2021-02-01o340.59 BAI P-1p3010009017r2021-02-01t5w2021-02-01yBK